00312nam a2200121 a 450000500170000000800410001705000220005810000180008024500400009826000230013865000230016165000060018420140414131936.0110119s19uu xx 00 eng d aREF 611bP22 2000 aParker, Steve aBody atlas lungs, heart and bloods. bWS Pacific,c2006. aCirculatory system a